Statistics for Highest Grossing Broadway Plays of the Past Decade

Click here to take the quiz!

General Stats

  • This quiz has been taken 30 times
  • The average score is 29 of 50

Answer Stats

Gross ($)Answer% Correct
2019159,176,002Hamilton
93%
2018162,724,702Hamilton
93%
2016105,471,174Hamilton
93%
2017157,762,895Hamilton
93%
201082,893,687Wicked
83%
201990,673,406Wicked
83%
201893,937,840Wicked
83%
201186,697,712Wicked
83%
201590,815,158Wicked
83%
201797,150,113Wicked
83%
201296,580,572Wicked
83%
201395,278,197Wicked
83%
201689,011,205Wicked
83%
201494,611,404Wicked
83%
201884,880,708Dear Evan Hansen
73%
201183,355,347The Lion King
70%
201294,489,976The Lion King
70%
201073,828,966The Lion King
70%
201396,983,840The Lion King
70%
2019112,571,006The Lion King
70%
2014100,158,794The Lion King
70%
2015102,793,328The Lion King
70%
2017110,274,359The Lion King
70%
2018115,783,596The Lion King
70%
2016103,190,515The Lion King
70%
201459,050,162Aladdin
57%
201581,043,891Aladdin
57%
201781,950,172Aladdin
57%
201687,205,521Aladdin
57%
201486,636,296The Book of Mormon
57%
201670,592,536The Book of Mormon
57%
201390,410,251The Book of Mormon
57%
201579,511,329The Book of Mormon
57%
201284,563,579The Book of Mormon
57%
201151,130,154The Book of Mormon
57%
201055,578,060Jersey Boys
37%
201251,004,550Jersey Boys
37%
201151,995,523Jersey Boys
37%
201468,541,186Kinky Boots
37%
201362,953,446Kinky Boots
37%
201978,416,312Harry Potter and the Cursed Child
23%
201785,749,796Hello, Dolly!
23%
201552,677,592Beautiful
17%
201057,374,899Billy Elliot: The Musical
17%
201170,887,787Spider-Man Turn Off the Dark
17%
201278,508,784Spider-Man Turn Off the Dark
17%
201357,214,550Spider-Man Turn Off the Dark
17%
201884,837,754Springsteen on Broadway
13%
201038,030,985The Addams Family
13%
201994,444,101To Kill a Mockingbird
13%

Score Distribution

Percentile by Number Answered

Percent of People with Each Score

Your Score History

You have not taken this quiz